00226    a2200097   4500020001800000082001400018100001500032245001300047260004900060300001900109  a9781853264146  a821.8 LEV  aPeter Levi  aTennyson  a36 Essex Street W.CbMethuen & CO.LTD.c1994  a243p.;c24 CM.